| 000 | 01289cam a22002295a 4500 | ||
|---|---|---|---|
| 008 | 240305e20240301xxk fo 000 0 eng d | ||
| 041 | 0 | _aeng | |
| 110 | 2 | _aRoyal Institution of Chartered Surveyors | |
| 245 | 0 | 0 |
_aGlobal harmonisation of whole life carbon assessments _h[electronic resource] |
| 260 |
_aLondon, _bRICS, _c1 March 2024 |
||
| 300 | _a17p | ||
| 500 | _aSupports Whole life carbon assessment for the built environment Professional Statement ISBN 9781783215034 | ||
| 520 | _aThe RICS global harmonisation framework on WLCA details how the RICS whole life carbon assessment in the built environment standard, as the most consistent and comprehensive methodology developed to assess emissions over the asset’s life cycle, can achieve the needed harmonisation. | ||
| 650 | 2 | 4 | _aCARBON EMISSIONS |
| 650 | 2 | 4 | _aEN 15978 |
| 650 | 2 | 4 | _aWHOLE LIFE APPRAISAL |
| 651 | 4 | _aInternational | |
| 690 |
_aQuantity surveying _96263 |
||
| 856 | 4 | 1 |
_uhttps://www.rics.org/content/dam/ricsglobal/documents/standards/WLCA-harmonisation-guide.pdf _zClient Guide available on RICS.org |
| 856 | 4 | 1 |
_uhttps://www.rics.org/profession-standards/rics-standards-and-guidance/sector-standards/construction-standards/whole-life-carbon-assessment _zVisit RICS WLCA resource page |
| 942 | _n0 | ||
| 999 |
_c121819 _d121819 |
||